Essentials on counseling and education (Record no. 4938)

MARC details
000 -LEADER
fixed length control field 00618nam a22001817a 4500
003 - CONTROL NUMBER IDENTIFIER
control field OSt
005 - DATE AND TIME OF LATEST TRANSACTION
control field 20251020085351.0
008 - FIXED-LENGTH DATA ELEMENTS--GENERAL INFORMATION
fixed length control field 251020b |||||||| |||| 00| 0 eng d
020 ## - INTERNATIONAL STANDARD BOOK NUMBER
International Standard Book Number 978-621-95077-0-7
040 ## - CATALOGING SOURCE
Original cataloging agency DWC-Main lib.
Transcribing agency OC
082 ## - DEWEY DECIMAL CLASSIFICATION NUMBER
Classification number Fil. 371.404 E78 2014
245 ## - TITLE STATEMENT
Title Essentials on counseling and education
Remainder of title : a festschrift for Prof. Rose Marie Salazar-ClemeƱa
260 ## - PUBLICATION, DISTRIBUTION, ETC.
Place of publication, distribution, etc. Manila
Name of publisher, distributor, etc. : Asian Psychological Services and Assessment
Date of publication, distribution, etc. , c2014.
300 ## - PHYSICAL DESCRIPTION
Extent 220 pages
Dimensions ; 24 cm.
650 ## - SUBJECT ADDED ENTRY--TOPICAL TERM
Topical term or geographic name entry element 1. Counseling--Science and art.
650 ## - SUBJECT ADDED ENTRY--TOPICAL TERM
Topical term or geographic name entry element 2. Counseling and education.
942 ## - ADDED ENTRY ELEMENTS (KOHA)
Source of classification or shelving scheme Dewey Decimal Classification
Koha item type Book-Filipiniana
Call number prefix Fil.
Suppress in OPAC No
952 ## - LOCATION AND ITEM INFORMATION (KOHA)
--
Holdings
Withdrawn status Lost status Source of classification or shelving scheme Damaged status Not for loan Home library Current library Shelving location Date acquired Source of acquisition Total Checkouts Full call number Barcode Date last seen Price effective from Koha item type Uniform Resource Identifier
    Dewey Decimal Classification     College Library College Library Filipiniana 02/14/2015 Donation   Fil. 371.404 E78 2014 50962 10/20/2025 10/20/2025 BK - FIL